=LDR 00000nam 2200000 4500 =001 INLIS000000000025252 =990 ##$$a 00045035 =005 20130612123758 =008 ***********************************Ind** =035 ##$$0010-061300000025252 =041 ##$$a Ind =082 ##$$a 345.411 08 =090 ##$$a 345.411 08, Lok l =245 ##$$a Lokakarya tentang peradilan anak =260 ##$$a 1977 $b Semarang =300 ##$$a vii, 169 hlm, 22 cm =650 ##$$a Peradilan anak =850 ##$$a NBPNMAT